000 00730nam a2200217Ia 4500
003 GCL
008 140319s9999 xx 000 0 ara d
040 _aGCL /
_cGCL
082 0 4 _a253.009
_bم و
100 1 _aمحمود على احمد ابراهيم
245 1 0 _aالوصية واحكامها بحث مقارن فى مذاهب الفقه الاسلامى مع بيان ماأخذ به القانون /
_cمحمود على احمد ابراهيم
260 _a[S.N] :
_bدار الهدى ،
_c1990
300 _a557 ص
490 _a
650 0 4 _aالاحوال الشخصية
650 0 4 _aالمعاملات
650 0 4 _aالارث
650 0 4 _aالمواريث
650 0 4 _aالوصايا
942 _2ddc
_cBK
999 _c35599
_d35599